| 000 | 00766 a2200193 4500 | ||
|---|---|---|---|
| 003 | UA-OsUOA | ||
| 005 | 20260305111549.0 | ||
| 008 | 260305b un ||||| |||| 00| 0 ukr d | ||
| 040 |
_bukr _cUA-OsUOA |
||
| 080 | _a821.161.2-31 | ||
| 090 |
_a821.161.2-31 _bШ37 |
||
| 100 |
_aШевчук В. _92329 |
||
| 245 |
_aТри листки за вікном _bроман-триптих _cВалерій Шевчук ; передм. М. Жулинського |
||
| 260 |
_aК. _bРадянський письменник _c1986 |
||
| 650 |
_a821.161.2 Українська література _941 |
||
| 942 |
_cBK _2udc |
||
| 955 | _a3 | ||
| 999 |
_c579982 _d579982 |
||